000 03954nam a2200577Ia 4500
001 378
008 241029s9999 xx 000 0 und d
010 _a345
041 _aEspañol
082 _aMALHEE0001-FH2012
245 0 _aManejos de los Actos de Habla en la Aplicación del Enfoque Comunicativo en la Enseñanza de la Lengua Española, por Parte de los Docentes, 8vo. Grado, Distrito Escolar 10-04, Santo Domingo, Año Escolar 2011-2012.
260 _aSanto Domingo
300 _a93
520 _a30
630 _aAprendizaje
630 _aCapacitación Docente
630 _aCompetencia Docente
630 _aCompetencia Lingüística
630 _aCompetencia Pedagógica
650 _aLengua Española
690 _aElaborado
700 _easesor
_aDe los Santos , Julio
700 _eautor
_aCedeño Hidalgo, María ysabel
700 _eautor
_aDíaz Bueno, Sagrario
901 _a{"1":"Cedeño Hidalgo","2":"Díaz Bueno"}
_b{"1":"María ysabel","2":"Sagrario"}
902 _a1
903 _a{"1":"De los Santos "}
_b{"1":"Julio"}
904 _aMaestría en
905 _aLingüística Aplicada
906 _a1
907 _aConcentración en
908 _aLingüística Aplicada a la Lengua Española
909 _aUniversidad Autónoma de Santo Domingo (UASD)
910 _aNULL
_bNULL
911 _a["1"]
912 _aNO APLICA
913 _aNULL
914 _a02 de Julio de 2012
915 _a18/05/14 10:05
916 _aNULL
917 _aNULL
918 _aNO APLICA
919 _a["18","30","35","37","38"]
520 _aLos principales propósitos del estudio consistieron en determinar la practica pedagógica de los docentes de Lengua Española, 8vo grado, de los centros educativos pertenecientes al Distrito Educativo 10-04 Santo Domingo y sus niveles de competencias en el manejo de los actos de hablas, mediante la enseñanza a través del Enfoque Comunicativo; determinar los niveles de formación de los docentes en cuanto a lo académico y a lo lingüístico-metodológico y determinar los niveles de aprendizaje alcanzado por los alumnos como producto de la actividad pedagógica de los docente.La población de esta investigación fueron 115 docentes de Lengua Española  y  4,175 estudiantes de 8vo grado del Distrito Eucativo 10-04; Para la muestra se tomó el 38% de los docentes  (43) y el 4% de los estudiantes (151), las técnicas utilizadas en este estudio  fueron el cuestionario y la recopilación documental y el análisis cuantitativo y cualitativo de los datos. Los análisis realizados indican que un 20% de los docentes ha realizado estudio sobre la didáctica de la Lengua Española. Los docentes poseen informaciones generales en torno al Enfoque Comunicativo, conocen que la enseñanza de la lengua está orientada en este Enfoque, el 74% conoce que a través de su aplicación en el proceso de enseñanza aprendizaje se persigue el desarrollo de competencia lingüística en los alumnos sin embargo la pobre formación lingüístico-pedagógica de estos docentes interfiere en el conocimiento de los elementos estructurales de este enfoque y su correcta aplicación. Como consecuencia de la formación de los docentes se evidencia una práctica pedagógica no consciente de las orientaciones lingüística, de las teorías, y de las disciplinas que integran el Enfoque Comunicativo; y  por vía de consecuencia se divorcia de las orientaciones lingüístico-metodológica de dicho enfoque, lo cual incide en los bajos niveles de desarrollo  de las habilidades lingüístico-comunicativas que se determinaron en los alumnos.El estudio recomienda capacitación de los docentes de Lengua Española y reforzar el área de formación didáctica en lo concerniente al diseño de planificación de la enseñanza de la lengua materna.
921 _a16
922 _a16
923 _a0
924 _aNO APLICA
942 _cTesis
999 _c345
_d345